PHYSICAL CHEMISTRY (Record no. 9252)

MARC details
000 -LEADER
fixed length control field 00527nam a22001697a 4500
003 - CONTROL NUMBER IDENTIFIER
control field SGT
020 ## - INTERNATIONAL STANDARD BOOK NUMBER
International Standard Book Number 9780198728726
082 ## - DEWEY DECIMAL CLASSIFICATION NUMBER
Classification number 541,ATK
100 ## - MAIN ENTRY--PERSONAL NAME
Personal name ATKINS,PETER
245 ## - TITLE STATEMENT
Title PHYSICAL CHEMISTRY
250 ## - EDITION STATEMENT
Edition statement 10TH
260 ## - PUBLICATION, DISTRIBUTION, ETC. (IMPRINT)
Place of publication, distribution, etc NEW DELHI
Name of publisher, distributor, etc OXFORD
Year of Publication 2014
300 ## - PAGE DESCRIPTION
No. of Pages 1008
650 ## - SUBJECT ADDED ENTRY--TOPICAL TERM
Topical term or geographic name as entry element PHYSICAL CHEMISTRY
653 ## - KEYWORDS--INDEX TERM
Keyword term FOUNDATIONS,THERMODYNAMICS,THE FIRST LAW,THE SECOND AND THIRD LAWS,PHYSICAL TRANSFORMATIONS OF PURE SUBSTANCES,SIMPLE MIXTURES,CHEMICAL EQUILIBRIUM,INTRODUCTION TO QUANTUM THEORY
942 ## - ADDED ENTRY ELEMENTS (KOHA)
Source of classification or shelving scheme Dewey Decimal Classification
Koha item type FPS Books
942 ## - ADDED ENTRY ELEMENTS (KOHA)
-- 3
Holdings
Withdrawn status Lost status Source of classification or shelving scheme Damaged status Not for loan Collection code Home library Current library Shelving location Date acquired Vendor Name Cost, normal purchase price SGTU Bill Number Total Checkouts Full call number Accession No. (Barcode) Date last seen Date last borrowed Bill Date Koha item type Total Renewals
    Dewey Decimal Classification     SCIENCE SGT Science & Social Sciences Library SGT Science & Social Sciences Library Text Book 27/06/2016 KRITI PRAKASHAN 735.00 SGTU 3252 5 541,ATK PS1404 20/07/2023 10/02/2023 24/11/2015 FPS Books  
    Dewey Decimal Classification     SCIENCE SGT Science & Social Sciences Library SGT Science & Social Sciences Library Text Book 27/06/2016 KRITI PRAKASHAN 735.00 SGTU 3252 9 541,ATK PS1405 14/02/2023 03/02/2023 24/11/2015 FPS Books  
    Dewey Decimal Classification     SCIENCE SGT Science & Social Sciences Library SGT Science & Social Sciences Library Text Book 27/06/2016 KRITI PRAKASHAN 735.00 SGTU 1290 8 541,ATK PS541 05/03/2024 21/02/2024 21/11/2014 FPS Books  
    Dewey Decimal Classification     SCIENCE SGT Science & Social Sciences Library SGT Science & Social Sciences Library Text Book 27/06/2016 KRITI PRAKASHAN 735.00 SGTU 1290 7 541,ATK PS542 16/07/2021 02/07/2021 21/11/2014 FPS Books 1